000 00866nam a22002891 4500
001 33872
003 BD-RjUL
005 20211209052054.0
008 140511s1964 nyu b 001 0 eng
035 _a(BD-RjUL)33964
040 _aDLC
_cDLC
_dDLC
_dBD-RjUL
_beng
041 _aeng
082 0 0 _a301.32
_bPOP 1965
100 1 _aFreedman, Ronald,
_d1917-2007,
_9102309
245 1 0 _aPopulation :
_bthe vital revolution /
_cRonald Freedman
260 _aGarden City, N.Y. :
_bAnchor Books,
_cc1964 [reprinted 1965, 1971]
300 _avi, 274 p. ;
_c18 cm.
490 0 _aVOA forum series
500 _a"A423."
504 _aIncludes bibliographies and index.
650 0 _aPopulation.
_9102896
650 0 _aDemographic transition.
_9102897
651 0 _aUnited States
_xPopulation.
_940155
942 _2ddc
_cBK
999 _c33872
_d33872